Primer of animal nutrition & biochemistry

Guardat en:
Dades bibliogràfiques
Autor principal: ALU, S. E.
Format: Llibre
Idioma:anglès
Publicat: [DeApples press] 2015
Etiquetes: Afegir etiqueta
Sense etiquetes, Sigues el primer a etiquetar aquest registre!

MARC

LEADER 00000nam a22000007a 4500
008 210615b ||||| |||| 00| 0 eng d
020 |a 978-47848-3-1 
100 |a ALU, S. E. 
245 |a Primer of animal nutrition & biochemistry  |c S.E. Alu.   |g 255p; ill. 
260 |b [DeApples press]   |c 2015  |h Nasarawa, Nigeria  |i 688968   |l SF768 Al8  |m Veterinary physiology  |m Metabolism.   |m Animal nutrition.   |m Feed utilization efficiency.  |m Biochemistry.  
500 |a “It includes references” 
942 |a lcc  |c BK  |e YUNUSA, A.A.  |f 15/6/21 
952 |0 0  |1 0  |2 lcc  |4 0  |6 SF0768 A L8  |7 0  |9 2591  |a HOL  |b HOL  |c QZ  |d 2021-06-15  |l 0  |o SF768 Al8  |p 2021-6440  |r 2021-06-15 00:00:00  |w 2021-06-15  |y BK 
999 |c 1357  |d 1357